和中国城市为友好城市的澳大利亚城市(城市点位地图版) - Statistics

General Stats
  • This quiz has been taken 5 times
  • The average score is 8 of 73
Answers on the Map
Answers color-coded by a green-red scale on the quiz's map according to % correct below.
 
Answer Stats
省级行政区 中方城市 外方城市 % Correct
广东省 广州市 悉尼市
100%
天津市 天津市 墨尔本市
100%
北京市 北京市 堪培拉市
100%
广东省|重庆市 深圳市|重庆市 布里斯班市
75%
山东省 青岛市 阿德莱德市
75%
广东省|广西壮族自治区|四川省 珠海市|北海市|成都市 黄金海岸市
75%
海南省 海口市 达尔文市
75%
江苏省|四川省 南京市|成都市 珀斯市
50%
福建省 龙岩市 伍龙岗市
25%
福建省|陕西省 福州市|西安市 霍巴特市
25%
江苏省 连云港市 吉朗市
25%
广东省 湛江市 凯恩斯市
25%
江苏省 扬州市 巴拉瑞特市
25%
山东省 聊城市 布莱克敦市
0%
江苏省 苏州市 洛根市
0%
江苏省 常州市 温德姆市
0%
福建省 厦门市 阳光海岸市
0%
福建省 莆田市 帕拉马塔市
0%
浙江省|湖南省|四川省 温州市|常德市|成都市彭州市 伊普斯维奇市
0%
广西壮族自治区 贵港市桂平市 温拿路市
0%
陕西省 咸阳市 莫兰德市
0%
江苏省|广东省 常熟市|佛山市 汤斯维尔市
0%
山东省 济南市 郡德勒普市
0%
江苏省 徐州市 大丹德农市
0%
安徽省 合肥市 戴瑞滨市
0%
湖南省 岳阳市 科克本市
0%
陕西省 安康市 班优市
0%
山东省|湖北省 潍坊市青州市|宜昌市 查尔斯.斯图亚特市
0%
四川省 乐山市 弗雷泽海岸市
0%
黑龙江省|安徽省|福建省 佳木斯市|阜阳市|福州市 肖尔黑文市
0%
江苏省 南通市海门市 本迪戈市
0%
江苏省 盐城市东台市 加拿大湾市
0%
福建省 南平市 奥尔伯里市
0%
山西省|福建省 太原市|莆田市 朗塞斯顿市
0%
江苏省 泰州市 拉特罗布市
0%
陕西省 宝鸡市 墨尔顿市
0%
浙江省 嘉兴市 班布里市
0%
江苏省|河南省|云南省 常州市金坛区|商丘市|丽江市 大谢珀顿市
0%
江苏省 镇江市 洛克汉普顿市
0%
广西壮族自治区 南宁市 班达伯格市
0%
云南省 昆明市 瓦加瓦加市
0%
云南省 大理白族自治州 米尔迪拉市
0%
山西省 阳泉市 巴瑟斯特市
0%
贵州省 黔西南州晴隆县 塔姆沃斯市
0%
吉林省 长春市 瓦南布尔市
0%
山西省|广东省 临汾市|湛江市 杰尔顿市
0%
福建省 南平市武夷山市 蓝山市
0%
江苏省 无锡市 弗兰克斯顿市
0%
江苏省 扬州市江都区 古尔本市
0%
吉林省 延边州延吉市 阿米代尔市
0%
安徽省|湖南省 池州市|长沙市 奥本市
0%
湖北省 鄂州市 怀阿拉市
0%
黑龙江省 哈尔滨市 格里菲斯市
0%
江苏省 苏州市昆山市 彭里斯市
0%
甘肃省 兰州市 希托普斯市
0%
江苏省 镇江市 费尔菲尔德市
0%
山东省 临沂市 索尔斯伯里市
0%
江苏省|广东省 盐城市|韶关市 宝活市
0%
广西壮族自治区 梧州市 亚斯谷市
0%
江苏省 泰州市泰兴市 布罗肯希尔市
0%
山东省 日照市岚山区 卡拉萨市
0%
云南省 怒江傈僳族自治州 霍舍姆市
0%
安徽省|广东省 马鞍山市|韶关市南雄市|佛山市顺德区 高嘉华市
0%
江苏省 常州市 赫斯特维尔市
0%
湖北省 随州市 皮里港市
0%
广东省 茂名市 威洛比市
0%
江苏省 常州市武进区 阿什菲尔德市
0%
福建省 泉州市石狮市 伦马克帕林加市
0%
江西省|湖北省|湖南省 宜春市|潜江市|邵阳市 怀昂市
0%
山东省 青岛市平度市 休斯维尔市
0%
黑龙江省 大庆市 查特斯堡市
0%
广东省 江门市台山市 亚拉腊市
0%
新疆维吾尔自治区 乌鲁木齐市 纳兰德拉市
0%
No matching quizzes found
Score Distribution
Percent of People with Each Score
Percentile by Number Answered
Your Score History
You have not taken this quiz